000 00655nam a2200301Ia 4500
005 20260401122440.0
008 008 250103s9999 xx 000 0 eng d
020 _a9788125032168
037 _aTB
040 _aEDL
040 _beng
040 _cEDL
041 _2eng
041 _aeng
084 _a894.81MAL
084 _qEDL
100 _aMalagatti, Aravind
_91233651
245 0 _aGovernment Brahmana
245 0 _cMalagatti, Aravind
260 _aNew Delhi
260 _bOrient Longman
260 _c2007
300 _a132p
942 _cTB
942 _h894.81MAL
999 _c1847350
_d1847350